|
|
|
|
| LEADER |
00000nab a2200000 a 4500 |
| 001 |
vtls000451094 |
| 003 |
SK-MaSNL |
| 005 |
20260304211145.0 |
| 008 |
220422c1992 xo 0 slo |
| 015 |
|
|
|a SNBRB19rr/mm-uuuuu
|
| 035 |
|
|
|a CL0451225
|
| 040 |
|
|
|a SNKBUCL
|b slo
|c SNKBUCL
|e AACR2
|
| 041 |
0 |
|
|a slo
|
| 044 |
|
|
|a xo
|c SK
|
| 080 |
|
|
|a 616.419:617.5
|2 1981
|
| 080 |
|
|
|a 617.5
|2 1981
|
| 080 |
|
|
|a 616.71-018.46
|2 1981
|
| 100 |
1 |
|
|a Neuwirt, Jan
|4 aut
|9 631976
|
| 245 |
1 |
0 |
|a Prof. Mudr. Jan Neuwirt, DrSc.: "Ak ľuďom predĺžime život hoci len o pár rokov, stojí to za to..."
|c Jan Neuwirt, Naďa Vokušová
|
| 300 |
|
|
|b Fot. 2.
|
| 650 |
0 |
7 |
|a dreň kostná
|2 snkbucl
|9 941832
|
| 650 |
0 |
7 |
|a transplantácia kostnej drene
|2 snkbucl
|9 20109
|
| 655 |
|
7 |
|a články z novín a časopisov
|2 snkbucl
|9 267496
|
| 700 |
1 |
|
|a Vokušová, Naďa,
|d 1953-
|4 aut
|9 9973
|
| 773 |
0 |
|
|t Život
|g Roč. 42, č. 11 (1992), s. 6-7
|
| 850 |
|
|
|a Slovenská národná knižnica v Martine
|a MTA001
|
| 852 |
|
|
|a SNK
|b KIS3GCP
|
| 958 |
|
|
|a RK
|
| 958 |
|
|
|a ME
|
| 992 |
|
|
|a RBX
|
| 999 |
|
|
|c 3128621
|d 3130551
|